[Event "15th BCC Open 2015"]
[Site "Pattaya THA"]
[Date "2015.04.12"]
[Round "1.2"]
[White "Traunwieser, Georg"]
[Black "Vallejo Pons, Francisco"]
[Result "0-1"]
[BlackTitle "GM"]
[WhiteElo "2100"]
[BlackElo "2708"]
[WhiteFideId "1606638"]
[BlackFideId "2205530"]
[EventDate "2015.04.12"]
[EventType "swiss"]

1. d4 Nf6 2. c4 b6 3. Nc3 Bb7 4. Nf3 e6 5. a3 g6 6. Bf4 Bg7 7. h3 O-O 8. e3 d6
9. Be2 Nbd7 10. O-O Ne4 11. Nxe4 Bxe4 12. Bg5 Qc8 13. Nd2 Bb7 14. Bf3 e5 15.
Bxb7 Qxb7 16. d5 f5 17. e4 h6 18. Bh4 g5 19. Bg3 f4 20. Bh2 Nf6 21. g4 Kf7 22.
Kg2 Rh8 23. Rh1 h5 24. f3 Rh6 25. Bg1 Rah8 26. Rh2 Qc8 27. b4 c6 28. Ra2 cxd5
29. cxd5 Qa6 30. Rc2 hxg4 31. Rc7+ Kg6 32. Nc4 g3 33. Rh1 Ne8 34. Rc6 Qb7 35.
Qc2 Qd7 36. Nxd6 Nxd6 37. Bc5 bxc5 38. Qxc5 Bf8 39. Rc7 Qb5 40. Qc2 Qb6 41. Qc5
Qxc5 42. bxc5 Nc4 43. d6 Ne3+ 44. Kg1 Bxd6 45. cxd6 Rb8 0-1

[Event "15th BCC Open 2015"]
[Site "Pattaya THA"]
[Date "2015.04.12"]
[Round "1.4"]
[White "Hoffman, Ron"]
[Black "Gustafsson, Jan"]
[Result "0-1"]
[BlackTitle "GM"]
[WhiteElo "2107"]
[BlackElo "2639"]
[WhiteFideId "1007599"]
[BlackFideId "4625498"]
[EventDate "2015.04.12"]
[EventType "swiss"]

1. d4 d5 2. c4 e6 3. Nc3 c6 4. e3 Nf6 5. Nf3 Nbd7 6. Bd3 dxc4 7. Bxc4 b5 8. Bd3
Bb7 9. O-O a6 10. e4 c5 11. Qe2 cxd4 12. Nxd4 Bd6 13. Rd1 Qb8 14. g3 O-O 15. f3
Bc5 16. Be3 Qa7 17. Nc2 Ne5 18. Kg2 Rac8 19. a3 Rfd8 20. Rd2 Rd7 21. Rad1 Rcd8
22. h3 h6 23. Bxc5 Qxc5 24. f4 Nxd3 25. Rxd3 Nxe4 26. Rxd7 Rxd7 0-1

[Event "15th BCC Open 2015"]
[Site "Pattaya THA"]
[Date "2015.04.12"]
[Round "1.5"]
[White "Socko, Bartosz"]
[Black "Adhithya, S"]
[Result "1-0"]
[WhiteTitle "GM"]
[WhiteElo "2623"]
[BlackElo "2123"]
[WhiteFideId "1107038"]
[BlackFideId "5084326"]
[EventDate "2015.04.12"]
[EventType "swiss"]

1. e4 d6 2. d4 Nf6 3. f3 c6 4. Be3 Nbd7 5. c4 e5 6. Nc3 Be7 7. Nge2 Nh5 8. Qd2
h6 9. O-O-O Bg5 10. g4 Bxe3 11. Qxe3 Nhf6 12. Ng3 g6 13. h4 Qb6 14. Be2 Nf8 15.
c5 dxc5 16. dxe5 N6d7 17. f4 Ne6 18. Bc4 Nd4 19. Nge2 Qb4 20. Nxd4 Qxc4 21. Nf3
b5 22. Rd6 b4 23. Nd2 Qa6 24. Nd5 Qb7 25. Nf6+ Nxf6 26. exf6 Bxg4 27. f5 Bh5 28.
fxg6 Bxg6 29. h5 Bh7 30. Qxc5 Rg8 31. Nc4 Rg5 32. e5 Rg2 33. Re6+ fxe6 34. Nd6+ 1-0

[Event "15th BCC Open 2015"]
[Site "Pattaya THA"]
[Date "2015.04.12"]
[Round "1.6"]
[White "Ilmoni, Tommy"]
[Black "Ganguly, Surya Shekhar"]
[Result "0-1"]
[BlackTitle "GM"]
[WhiteElo "2091"]
[BlackElo "2603"]
[WhiteFideId "504297"]
[BlackFideId "5002150"]
[EventDate "2015.04.12"]
[EventType "swiss"]

1. d4 Nf6 2. c4 g6 3. Nf3 Bg7 4. g3 O-O 5. Bg2 d6 6. Nc3 Nbd7 7. O-O e5 8. dxe5
dxe5 9. Qc2 c6 10. Rd1 Qe7 11. e4 b6 12. b3 Bb7 13. a4 Rfd8 14. Ba3 Qe8 15. a5
Bf8 16. Bb2 Rab8 17. axb6 axb6 18. Ra7 h6 19. Bh3 b5 20. Bxd7 Nxd7 21. cxb5 cxb5
22. Nd5 Qe6 23. Qc7 Bd6 24. Qa5 Qg4 25. Kg2 Bxd5 26. Rxd5 Nf8 27. Rxd6 Rxd6 28.
Bxe5 Rd3 29. Rxf7 Kxf7 30. Qc7+ Nd7 0-1

[Event "15th BCC Open 2015"]
[Site "Pattaya THA"]
[Date "2015.04.12"]
[Round "1.7"]
[White "Dragun, Kamil"]
[Black "Singh, Y. Dhanabir"]
[Result "1/2-1/2"]
[WhiteTitle "GM"]
[WhiteElo "2558"]
[BlackElo "2104"]
[WhiteFideId "1134167"]
[BlackFideId "5009723"]
[EventDate "2015.04.12"]
[EventType "swiss"]

1. d4 g6 2. c4 Bg7 3. Nf3 d6 4. Nc3 e5 5. g3 Nc6 6. dxe5 Nxe5 7. Nxe5 Bxe5 8.
Bg2 Ne7 9. h4 c6 10. h5 Be6 11. Qd3 Qb6 12. Bd2 O-O-O 13. f4 Bg7 14. h6 Bf6 15.
Rc1 Kb8 16. e4 Rhe8 17. Ne2 Bh8 18. Be3 Qa5+ 19. b4 Qxb4+ 20. Kf2 f5 21. Rb1
Qxc4 22. Qa3 Qxa2 23. Qb4 Rd7 24. e5 Nd5 25. Bxd5 Qxd5 26. Rhd1 Qc4 27. Qa5 Qa2
28. Qc3 Qc4 29. Qa3 Qa2 30. Qc3 Qc4 31. Qa5 Qa2 32. Qc3 Qc4 1/2-1/2

[Event "15th BCC Open 2015"]
[Site "Pattaya THA"]
[Date "2015.04.12"]
[Round "1.8"]
[White "Harini, S."]
[Black "Horvath, Jozsef1"]
[Result "0-1"]
[BlackTitle "GM"]
[WhiteElo "2125"]
[BlackElo "2527"]
[WhiteFideId "5024919"]
[BlackFideId "700061"]
[EventDate "2015.04.12"]
[EventType "swiss"]

1. e4 c5 2. Nf3 g6 3. d4 Bg7 4. c3 cxd4 5. cxd4 d5 6. Bb5+ Bd7 7. Bxd7+ Qxd7 8.
e5 Nc6 9. Nc3 e6 10. O-O h6 11. Qa4 Nge7 12. b4 b6 13. Bd2 O-O 14. Qb3 Rac8 15.
a4 f6 16. exf6 Rxf6 17. Ne2 Rff8 18. Ra2 Nf5 19. Qd3 g5 20. b5 Nce7 21. Bb4 Rc4
22. Rb2 Rf7 23. Rc1 g4 24. Ne5 Bxe5 25. dxe5 Ng6 26. Bd6 Nf4 27. Nxf4 Rxc1+ 0-1

[Event "15th BCC Open 2015"]
[Site "Pattaya THA"]
[Date "2015.04.12"]
[Round "1.9"]
[White "Gomez, John Paul"]
[Black "Wiwatanadate, Poompong"]
[Result "1-0"]
[WhiteTitle "GM"]
[BlackTitle "FM"]
[WhiteElo "2524"]
[BlackElo "2075"]
[WhiteFideId "5201381"]
[BlackFideId "6201083"]
[EventDate "2015.04.12"]
[EventType "swiss"]

1. Nf3 d5 2. d4 c6 3. c4 Nf6 4. e3 Bg4 5. h3 Bxf3 6. Qxf3 e6 7. Bd3 Bb4+ 8. Nc3
O-O 9. Bd2 Nbd7 10. a3 Bd6 11. O-O dxc4 12. Bxc4 e5 13. Rfd1 exd4 14. exd4 h6
15. Ba2 Nb6 16. Rac1 Bc7 17. Be3 Nbd5 18. Nxd5 cxd5 19. Rc2 Bb6 20. Bf4 Ne4 21.
Be5 Qd7 22. Rdc1 Rae8 23. Qb3 Rd8 24. Bc7 Bxc7 25. Rxc7 Qf5 26. Qf3 Qxf3 27.
gxf3 Ng5 28. Kg2 Ne6 29. Rxb7 Nxd4 30. Rxa7 Ne6 31. Kg3 g5 32. b4 Nd4 33. Rc5
Ne2+ 34. Kh2 d4 35. Rcc7 d3 36. Bxf7+ Rxf7 37. Rxf7 Nd4 38. Rfd7 1-0

[Event "15th BCC Open 2015"]
[Site "Pattaya THA"]
[Date "2015.04.12"]
[Round "1.10"]
[White "Kienitz, Andre"]
[Black "Rasmussen, Allan Stig"]
[Result "0-1"]
[BlackTitle "GM"]
[WhiteElo "2078"]
[BlackElo "2532"]
[WhiteFideId "24609064"]
[BlackFideId "1406000"]
[EventDate "2015.04.12"]
[EventType "swiss"]

1. e4 c5 2. Nf3 e6 3. d4 cxd4 4. Nxd4 a6 5. Bd3 Nf6 6. O-O Qc7 7. c4 g6 8. Nc3
Bg7 9. Be3 d6 10. Kh1 Nbd7 11. f4 O-O 12. Rc1 Re8 13. Nde2 b6 14. Qd2 Bb7 15.
Ng3 h5 16. b3 Rad8 17. h3 Nc5 18. Qc2 Qc6 19. b4 Nxd3 20. Qxd3 Rc8 21. Rfd1 h4
22. Nge2 Nxe4 23. Nxe4 Qxe4 24. Qxe4 Bxe4 25. Rxd6 Bb2 26. Rcd1 Rxc4 27. Rxb6
Rc2 28. Rd2 Rxd2 29. Bxd2 Rc8 0-1

[Event "15th BCC Open 2015"]
[Site "Pattaya THA"]
[Date "2015.04.13"]
[Round "2.2"]
[White "Vallejo Pons, Francisco"]
[Black "Roy, Prantik"]
[Result "1-0"]
[WhiteTitle "GM"]
[WhiteElo "2708"]
[BlackElo "2300"]
[WhiteFideId "2205530"]
[BlackFideId "5035120"]
[EventDate "2015.04.12"]
[EventType "swiss"]

1. Nf3 Nf6 2. c4 e6 3. Nc3 d5 4. d4 c5 5. cxd5 exd5 6. Bg5 Be6 7. e3 c4 8. Be2
Nc6 9. O-O Bb4 10. Ne5 Bxc3 11. bxc3 h6 12. Bxf6 Qxf6 13. f4 Bf5 14. Bf3 Qd6 15.
e4 dxe4 16. Nxc4 Qg6 17. Bh5 Qf6 18. Ne3 O-O 19. Rb1 g6 20. Bg4 Bc8 21. f5 Qg5
22. Qe1 b6 23. h4 Qd8 24. Qg3 Ba6 25. Rf4 g5 26. f6 Qd6 27. hxg5 hxg5 28. Qh3 1-0

[Event "15th BCC Open 2015"]
[Site "Pattaya THA"]
[Date "2015.04.13"]
[Round "2.3"]
[White "Asuela, Ellan"]
[Black "Short, Nigel D"]
[Result "0-1"]
[BlackTitle "GM"]
[WhiteElo "2280"]
[BlackElo "2664"]
[WhiteFideId "5217636"]
[BlackFideId "400025"]
[EventDate "2015.04.12"]
[EventType "swiss"]

1. d4 Nf6 2. Nf3 e6 3. Bf4 d5 4. e3 Bd6 5. Bg3 O-O 6. Nbd2 b6 7. c4 Bb7 8. Rc1
Qe7 9. Bh4 dxc4 10. Bxc4 Nbd7 11. O-O e5 12. d5 h6 13. e4 a6 14. Bd3 Rfc8 15.
Nc4 c6 16. dxc6 Rxc6 17. Ne3 Rxc1 18. Qxc1 Rc8 19. Qd1 Qe8 20. Bc4 Bf8 21. Bd5
Nxd5 22. Nxd5 Qe6 23. h3 Nc5 24. Qe2 Nxe4 25. Qxe4 Bxd5 26. Qxe5 Bxa2 27. Ra1 a5
28. Bg3 Bd5 29. Qxe6 Bxe6 30. Be5 Bb4 31. Bd4 b5 32. Bb6 a4 33. Nd4 Bd7 34. Rd1
Bf8 35. Ne2 Be8 36. Nc3 b4 37. Ne4 a3 38. bxa3 bxa3 39. Ra1 Rc2 40. Ba5 0-1

[Event "15th BCC Open 2015"]
[Site "Pattaya THA"]
[Date "2015.04.13"]
[Round "2.4"]
[White "Gustafsson, Jan"]
[Black "Kongsee, Uaychai"]
[Result "1-0"]
[WhiteTitle "GM"]
[BlackTitle "FM"]
[WhiteElo "2639"]
[BlackElo "2304"]
[WhiteFideId "4625498"]
[BlackFideId "6200346"]
[EventDate "2015.04.12"]
[EventType "swiss"]

1. d4 f5 2. g3 Nf6 3. Bg2 g6 4. Nf3 Bg7 5. O-O O-O 6. c4 d6 7. Nc3 Qe8 8. b3 e5
9. dxe5 dxe5 10. e4 Nc6 11. Nd5 Qd7 12. Ba3 Re8 13. exf5 e4 14. Ng5 gxf5 15.
Nxf6+ Bxf6 16. Qh5 Bxa1 17. Rxa1 Rd8 18. Bb2 Qe7 19. Re1 Bd7 20. Bxe4 fxe4 21.
Rxe4 Be8 22. Qg4 Qd7 23. Rxe8+ 1-0

[Event "15th BCC Open 2015"]
[Site "Pattaya THA"]
[Date "2015.04.13"]
[Round "2.5"]
[White "Verdun, Xavier John"]
[Black "Socko, Bartosz"]
[Result "0-1"]
[BlackTitle "GM"]
[WhiteElo "2270"]
[BlackElo "2623"]
[WhiteFideId "5205034"]
[BlackFideId "1107038"]
[EventDate "2015.04.12"]
[EventType "swiss"]

1. e4 c6 2. d4 d5 3. Nd2 dxe4 4. Nxe4 Bf5 5. Ng3 Bg6 6. Nf3 Nd7 7. h4 h6 8. h5
Bh7 9. Bd3 Bxd3 10. Qxd3 e6 11. Bd2 a5 12. c4 Ngf6 13. Ne4 Nxe4 14. Qxe4 Bb4 15.
O-O-O Bxd2+ 16. Rxd2 O-O 17. Ne5 a4 18. f4 a3 19. b3 Qc7 20. g4 Nxe5 21. dxe5
Rfd8 22. Rhd1 Rxd2 23. Rxd2 Qe7 24. Qe1 Rd8 25. Qf2 Rf8 26. Rd6 f5 27. Qg3 fxg4
28. Qxg4 Qf7 29. Qxe6 Qxe6 30. Rxe6 Rxf4 31. Re7 Rf5 32. e6 Rxh5 33. Rxb7 Re5
34. Rb8+ Kh7 35. Re8 g5 36. Ra8 g4 37. Rxa3 g3 38. Ra7+ Kg6 39. Ra8 Kf6 40. Rf8+
Kxe6 41. Rf1 g2 42. Rg1 Re2 0-1

[Event "15th BCC Open 2015"]
[Site "Pattaya THA"]
[Date "2015.04.13"]
[Round "2.6"]
[White "Ganguly, Surya Shekhar"]
[Black "Dai, Changren"]
[Result "1-0"]
[WhiteTitle "GM"]
[WhiteElo "2603"]
[BlackElo "2275"]
[WhiteFideId "5002150"]
[BlackFideId "8608156"]
[EventDate "2015.04.12"]
[EventType "swiss"]

1. e4 c5 2. Nf3 Nc6 3. d4 cxd4 4. Nxd4 Nf6 5. Nc3 d6 6. Bg5 e6 7. Qd2 a6 8.
O-O-O Bd7 9. f4 b5 10. Bxf6 gxf6 11. Kb1 b4 12. Nce2 Qb6 13. Nxc6 Bxc6 14. f5 e5
15. Ng3 h5 16. Bc4 h4 17. Nf1 Bxe4 18. Qe2 Bxf5 19. Ne3 Be6 20. Qf3 Qd8 21. Qc6+
Bd7 22. Qd5 Be6 23. Qc6+ Bd7 24. Qe4 Be7 25. Rhf1 Ra7 26. g4 Be6 27. g5 fxg5 28.
Bxe6 fxe6 29. Ng4 Qa5 30. Qg6+ Kd7 31. Qg7 Re8 32. Nf6+ Kd8 33. Nxe8 Kxe8 34.
Rf7 Qc5 35. Qg8+ Kd7 36. Rxe7+ Kxe7 37. Rf1 1-0

[Event "15th BCC Open 2015"]
[Site "Pattaya THA"]
[Date "2015.04.13"]
[Round "2.7"]
[White "Horvath, Jozsef1"]
[Black "Teerapabpaisit, Wisuwat"]
[Result "1-0"]
[WhiteTitle "GM"]
[BlackTitle "FM"]
[WhiteElo "2527"]
[BlackElo "2266"]
[WhiteFideId "700061"]
[BlackFideId "6200176"]
[EventDate "2015.04.12"]
[EventType "swiss"]

1. Nf3 Nf6 2. g3 g6 3. b3 Bg7 4. Bb2 d6 5. d4 O-O 6. Bg2 Nbd7 7. O-O c5 8. c4
Rb8 9. Nc3 a6 10. a4 Re8 11. Qc2 b6 12. Rfd1 Bb7 13. d5 Qc7 14. e4 e6 15. Qd2
exd5 16. exd5 Re7 17. Re1 Rbe8 18. Rxe7 Rxe7 19. Ng5 Bc8 20. Nge4 Ne8 21. Ne2
Ndf6 22. N2c3 Qd8 23. h3 Nc7 24. g4 h6 25. Ng3 a5 26. Rf1 Qf8 27. f4 Bd7 28. g5
Nh7 29. Nce4 Ne8 30. h4 f5 31. gxf6 Nhxf6 32. Ng5 hxg5 33. fxg5 Rf7 34. gxf6
Bxf6 35. Bxf6 Rxf6 36. Re1 Rf4 37. h5 Rg4 38. Qe3 gxh5 39. Bh3 Rg7 40. Bxd7 Rxd7
41. Qxe8 Rg7 42. Kh2 Rg5 43. Qxf8+ Kxf8 44. Re6 1-0

[Event "15th BCC Open 2015"]
[Site "Pattaya THA"]
[Date "2015.04.13"]
[Round "2.8"]
[White "Puccini, Jack"]
[Black "Gomez, John Paul"]
[Result "1-0"]
[WhiteTitle "FM"]
[BlackTitle "GM"]
[WhiteElo "2241"]
[BlackElo "2524"]
[WhiteFideId "3213307"]
[BlackFideId "5201381"]
[EventDate "2015.04.12"]
[EventType "swiss"]

1. e4 c5 2. d4 cxd4 3. c3 dxc3 4. Nxc3 Nc6 5. Nf3 e6 6. Bc4 a6 7. O-O Nge7 8.
Bg5 f6 9. Be3 b5 10. Bb3 Ng6 11. Nd5 Rb8 12. Rc1 exd5 13. exd5 Nce5 14. d6 Bb7
15. Nxe5 fxe5 16. f4 Qh4 17. fxe5 Bxg2 18. Bf7+ Kd8 19. Qd2 1-0

[Event "15th BCC Open 2015"]
[Site "Pattaya THA"]
[Date "2015.04.13"]
[Round "2.9"]
[White "Ghosh, Diptayan"]
[Black "Wong, Meng Kong"]
[Result "1-0"]
[WhiteTitle "IM"]
[BlackTitle "GM"]
[WhiteElo "2512"]
[BlackElo "2261"]
[WhiteFideId "5045207"]
[BlackFideId "5800030"]
[EventDate "2015.04.12"]
[EventType "swiss"]

1. d4 c5 2. d5 e5 3. e4 d6 4. Nc3 a6 5. a4 Be7 6. Be2 Bg5 7. Nf3 Bxc1 8. Qxc1 b6
9. Nd2 Ne7 10. Nc4 Ng6 11. g3 Bh3 12. Bf1 Bxf1 13. Kxf1 O-O 14. Kg2 Ra7 15. Ra3
Ne7 16. Rb3 Nc8 17. f4 f5 18. fxe5 dxe5 19. exf5 Rxf5 20. Rf1 Raf7 21. Rxf5 Rxf5
22. Qe3 Nd7 23. Ne4 Qf8 24. Qe2 a5 25. d6 Qd8 26. Rd3 Rf7 27. Qg4 Qe8 28. Re3 h6
29. b3 Na7 30. Qd1 Qa8 31. Kg1 b5 32. axb5 Nxb5 33. c3 Kf8 34. Qa1 Nf6 35. Nxf6
gxf6 36. Qd1 Qc6 37. Rd3 Rd7 38. Qd2 Kg7 39. Nxa5 Qa6 40. Nc4 Qa1+ 41. Kg2 Qa8+
42. Kh3 Qe4 43. Qd1 h5 44. Re3 Qf5+ 45. Kg2 Ra7 46. Qd2 e4 47. Qf2 Qd5 48. Qc2
f5 49. Re1 Nxd6 50. Ne3 Qa8 51. Qd1 Ra2+ 52. Kg1 Ra6 53. Qxh5 c4 54. Qg5+ Kh8
55. Qf6+ Kg8 56. bxc4 Ra1 57. Rxa1 Qxa1+ 58. Kg2 Qb2+ 59. Kh3 Qe2 60. Qg5+ Kf8
61. Qf4 Qh5+ 62. Kg2 Ke7 63. c5 Qe2+ 64. Qf2 Qxf2+ 65. Kxf2 Nb5 66. Nxf5+ Kf6
67. Nd6 Nxc3 68. c6 e3+ 69. Kxe3 Ke6 70. Ne4 Nb5 71. h4 Kd5 72. h5 1-0

[Event "15th BCC Open 2015"]
[Site "Pattaya THA"]
[Date "2015.04.13"]
[Round "2.10"]
[White "Rasmussen, Allan Stig"]
[Black "Hemant, Sharma2"]
[Result "0-1"]
[WhiteTitle "GM"]
[WhiteElo "2532"]
[BlackElo "2258"]
[WhiteFideId "1406000"]
[BlackFideId "5025842"]
[EventDate "2015.04.12"]
[EventType "swiss"]

1. d4 d5 2. c4 e6 3. Nc3 Nf6 4. Nf3 Be7 5. Bf4 O-O 6. a3 c5 7. dxc5 Bxc5 8. e3
a6 9. Qc2 Nc6 10. Rd1 Qa5 11. Nd2 Be7 12. Be2 e5 13. Bg5 d4 14. Nb3 Qb6 15. Bxf6
Bxf6 16. Nd5 Qd8 17. Bf3 Be6 18. O-O dxe3 19. fxe3 Bg5 20. Qc3 Rc8 21. Nc5 Bxd5
22. Rxd5 Qb6 23. b4 a5 24. bxa5 Qxa5 25. Qb3 Qa7 26. h4 Na5 27. Qd3 Bh6 28. Nd7
Qxe3+ 29. Qxe3 Bxe3+ 30. Kh1 Rxc4 31. g3 Ra8 32. Nxe5 Rc7 33. Rd3 Rc1 34. Bd1
Bc5 35. Rd7 Re8 36. Nxf7 Nc4 37. Be2 Rxf1+ 38. Bxf1 Re1 39. Ng5 Rxf1+ 40. Kh2 b6 0-1

[Event "15th BCC Open 2015"]
[Site "Pattaya THA"]
[Date "2015.04.13"]
[Round "3.2"]
[White "Bersamina, Paulo"]
[Black "Vallejo Pons, Francisco"]
[Result "0-1"]
[WhiteTitle "IM"]
[BlackTitle "GM"]
[WhiteElo "2359"]
[BlackElo "2708"]
[WhiteFideId "5206995"]
[BlackFideId "2205530"]
[EventDate "2015.04.12"]
[EventType "swiss"]

1. e4 e6 2. b3 d5 3. Bb2 a6 4. exd5 exd5 5. Nf3 Nc6 6. Be2 Nf6 7. O-O Bd6 8. d4
O-O 9. Ne5 Ne7 10. Nd2 Bf5 11. g4 Bc8 12. f4 Ne4 13. Bf3 f5 14. g5 Ng6 15. Bg2
c6 16. Bc1 Bxe5 17. Nxe4 Bxf4 18. Bxf4 Nxf4 19. Rxf4 dxe4 20. h4 Be6 21. c4 a5
22. a4 Qb6 23. Kf2 Rad8 24. Ke3 Rd7 25. Ra2 Rxd4 0-1

[Event "15th BCC Open 2015"]
[Site "Pattaya THA"]
[Date "2015.04.13"]
[Round "3.3"]
[White "Short, Nigel D"]
[Black "Nyysti, Sampsa"]
[Result "1-0"]
[WhiteTitle "GM"]
[BlackTitle "IM"]
[WhiteElo "2664"]
[BlackElo "2331"]
[WhiteFideId "400025"]
[BlackFideId "502138"]
[EventDate "2015.04.12"]
[EventType "swiss"]

1. c4 Nf6 2. g3 c5 3. Bg2 d5 4. cxd5 Nxd5 5. Nc3 Nc7 6. b3 e5 7. Bb2 Nc6 8. Rc1
Bd7 9. Nf3 f6 10. O-O Be7 11. e3 Bf5 12. d4 cxd4 13. exd4 exd4 14. Ne2 Ne6 15.
Nexd4 Nexd4 16. Nxd4 Nxd4 17. Qxd4 Qxd4 18. Bxd4 Rd8 19. Bxa7 O-O 20. Rc7 Ba3
21. Rxb7 Rf7 22. Be3 Rxb7 23. Bxb7 Kf7 24. h4 Be6 25. Bf3 Rc8 26. Be4 h5 27. Rd1
g6 28. Kg2 Bg4 29. Rd4 Bf5 30. Bxf5 gxf5 31. Ra4 1-0

[Event "15th BCC Open 2015"]
[Site "Pattaya THA"]
[Date "2015.04.13"]
[Round "3.4"]
[White "Bartel, Michal"]
[Black "Gustafsson, Jan"]
[Result "0-1"]
[WhiteTitle "FM"]
[BlackTitle "GM"]
[WhiteElo "2327"]
[BlackElo "2639"]
[WhiteFideId "1119257"]
[BlackFideId "4625498"]
[EventDate "2015.04.12"]
[EventType "swiss"]

1. e4 e5 2. Nf3 Nc6 3. Bb5 a6 4. Ba4 Nf6 5. d3 b5 6. Bb3 Bc5 7. Nc3 d6 8. Nd5 h6
9. c3 Be6 10. O-O Bxd5 11. exd5 Ne7 12. d4 exd4 13. Nxd4 Qd7 14. a4 O-O 15. Qd3
Rab8 16. axb5 axb5 17. Nc6 Nxc6 18. dxc6 Qg4 19. Be3 Bxe3 20. Qxe3 Rb6 21. Qe7
Qc8 22. Ra7 Rxc6 23. Rfa1 d5 24. h3 Re8 25. Qb4 Rce6 26. Qxb5 Re1+ 27. Rxe1
Rxe1+ 28. Kh2 Qf5 29. Ra8+ Kh7 30. Qc5 Qf4+ 31. g3 Qe4 32. g4 Qh1+ 33. Kg3 0-1

[Event "15th BCC Open 2015"]
[Site "Pattaya THA"]
[Date "2015.04.13"]
[Round "3.5"]
[White "Socko, Bartosz"]
[Black "Biag, Ivan Gil"]
[Result "1/2-1/2"]
[WhiteTitle "GM"]
[BlackTitle "FM"]
[WhiteElo "2623"]
[BlackElo "2328"]
[WhiteFideId "1107038"]
[BlackFideId "5201624"]
[EventDate "2015.04.12"]
[EventType "swiss"]

1. e4 c6 2. d4 d5 3. e5 Bf5 4. Nd2 e6 5. Nb3 Nd7 6. Nf3 h6 7. Be2 Ne7 8. O-O Nc8
9. Ne1 h5 10. h3 h4 11. Bd3 g6 12. a4 a6 13. a5 Na7 14. Be3 Be7 15. Bxf5 gxf5
16. Nd3 Qc7 17. Nd2 Nf8 18. Nf3 Ng6 19. Qd2 Rd8 20. Bg5 Bxg5 21. Nxg5 Qe7 22. b3
Kf8 23. Nf3 Kg7 24. Kh2 Rd7 25. Rfe1 Rc7 26. Kg1 Nf8 27. Rec1 Ng6 28. Kh2 Nc8
29. Ra2 Na7 30. Kg1 Rd7 31. Kf1 Rc7 32. Ke2 Rd7 33. Rg1 Kf8 34. Ra4 Ke8 35. Qb4
Rc7 36. Nc5 Nc8 37. Qd2 Na7 38. Rb4 Kd8 39. Kd1 Nf8 40. Qg5 Qxg5 41. Nxg5 Kc8
42. g4 f4 43. Nd3 Ng6 44. Nf3 Kb8 45. Ke2 Ka8 46. Nfe1 c5 47. dxc5 Nc6 48. Ra4
Ncxe5 49. Nxe5 Nxe5 50. Rxf4 Rxc5 51. Kd2 Rxa5 52. Nd3 Nxd3 53. Kxd3 Rh7 54. g5
d4 55. Rxd4 Rf5 56. f4 e5 57. Ke4 Rxf4+ 58. Kxe5 Rf3 59. Rd3 Rf2 60. Rc3 Rg7 61.
Ke4 Rg8 62. Ke3 Rf5 63. Rc4 Rg6 64. Rxh4 f6 65. Rh6 Rgxg5 66. Rxf6 Re5+ 67. Kf2
Rh5 68. Rg3 Ka7 69. Rgf3 Rc5 70. c3 a5 71. R6f4 Rb5 72. c4 Rbe5 73. Rf7 Kb6 74.
Rg3 Re6 75. Kg2 Kc6 76. Rgg7 Re2+ 77. Kf3 Rh2 78. Rc7+ Kd6 79. Rxb7 R5xh3+ 80.
Kf4 Rh4+ 81. Kf5 Rh5+ 82. Kf6 Rf2+ 83. Kg6 Rh3 84. Rb6+ Kc5 85. Rb5+ Kc6 86. Ra7
Rg3+ 87. Rg5 Rxg5+ 88. Kxg5 Rf3 89. Ra6+ Kc7 90. Rxa5 Rxb3 91. Kf5 Re3 92. Re5
Rxe5+ 93. Kxe5 1/2-1/2

[Event "15th BCC Open 2015"]
[Site "Pattaya THA"]
[Date "2015.04.13"]
[Round "3.6"]
[White "Low, Zhen Yu Cyrus"]
[Black "Ganguly, Surya Shekhar"]
[Result "0-1"]
[BlackTitle "GM"]
[WhiteElo "2325"]
[BlackElo "2603"]
[WhiteFideId "5804175"]
[BlackFideId "5002150"]
[EventDate "2015.04.12"]
[EventType "swiss"]

1. e4 c5 2. Nf3 e6 3. d4 cxd4 4. Nxd4 Nc6 5. Nc3 Qc7 6. Ndb5 Qb8 7. Be3 a6 8.
Bb6 axb5 9. Nxb5 Bb4+ 10. c3 Ba5 11. Nc7+ Qxc7 12. Bxc7 Bxc7 13. Qg4 g6 14. Bb5
Kf8 15. O-O Kg7 16. a4 Nf6 17. Qe2 d5 18. exd5 exd5 19. b4 Bf5 20. a5 Ne4 21.
Rfc1 Ne5 22. h3 h5 23. Qe3 Bb8 24. a6 bxa6 25. Rxa6 Rxa6 26. Bxa6 Re8 27. Ra1
Bc7 28. f3 Nf6 29. Qd2 Bxh3 30. f4 Bb6+ 31. Kh2 Neg4+ 32. Kxh3 Nf2+ 33. Kh4 N6e4
34. Qxd5 Bd8+ 35. Qxd8 Rxd8 36. Bc4 f6 37. Ra7+ Kh6 38. Ra6 Rd1 0-1

[Event "15th BCC Open 2015"]
[Site "Pattaya THA"]
[Date "2015.04.13"]
[Round "3.7"]
[White "Dale, Ari"]
[Black "Horvath, Jozsef1"]
[Result "0-1"]
[WhiteTitle "IM"]
[BlackTitle "GM"]
[WhiteElo "2318"]
[BlackElo "2527"]
[WhiteFideId "3213145"]
[BlackFideId "700061"]
[EventDate "2015.04.12"]
[EventType "swiss"]

1. d4 e6 2. c4 f5 3. g3 Nf6 4. Bg2 Bb4+ 5. Bd2 Be7 6. Nf3 O-O 7. O-O d5 8. Qc2
c6 9. b4 Ne4 10. b5 cxb5 11. cxb5 Bd7 12. a4 a6 13. bxa6 Rxa6 14. Nc3 Nc6 15.
Rfb1 Bf6 16. e3 Na5 17. Be1 Rc6 18. Qd3 Qa8 19. Qb5 Nxc3 20. Bxc3 Rxc3 21. Qxd7
Rc6 22. Ne5 Bxe5 23. Bxd5 Rd6 24. Bxe6+ Kh8 25. Qc7 Rxe6 26. dxe5 Rc8 27. Qd7
Rxe5 28. Rb5 Rxb5 29. axb5 b6 30. Qxf5 Rf8 31. Qe6 Qd8 32. Ra2 h6 33. Kg2 Qd3
34. Rb2 Nc4 0-1